| 000 | 01436nam a22002657a 4500 | ||
|---|---|---|---|
| 005 | 20090617103837.0 | ||
| 008 | 090617t xxu||||| |||| 00| 0 hin d | ||
| 010 | _aHIN-86954 | ||
| 020 |
_a9788187733775 _c350.00 |
||
| 035 | _aHN-59300 | ||
| 037 | _bDBAD / PUB | ||
| 040 |
_adpl _bhn |
||
| 082 | _a250.82 | ||
| 245 |
_aत्रिपिटक-दिग्दर्शिकाः _cयू.को.ले. द्वारा संकलित एवं डी.रेवत् थेरो द्वारा अनुदित _bगाइड टू त्रिपिटक का अनुवाद / |
||
| 246 |
_aTripitaka-digdarshikaa _bCollected by U.Ko Le. |
||
| 260 |
_aदिल्ली _bगौतम बुक सेन्टर _c2009 |
||
| 270 |
_aचन्दन सदन ,सी-263ए, गली नं.-9, हरदेवपुरी , शाहदरा _bदिल्ली _e110093 _k22810380, 65822074 |
||
| 300 |
_a11,135पृ. _c22सेमी (सजिल्द) |
||
| 650 | _aबौद्ध धर्म | ||
| 650 | _aBuddhism | ||
| 700 | _aयू को ले | ||
| 700 | _aथेरो, डी.रेवत् | ||
| 942 |
_2ddc _cHN _mत्रिपिट _h250.82 |
||
| 999 |
_c27530 _d27530 |
||